LEADER 01193nam a2200265 i 4500 001 000000048352 003 CaOOAMICUS 005 20120417000000.0 008 120417s1967 gw u000 u ger u 013 $a19522 040 $aSeMil$bita 100 1 $aPrzywara, Erich,$c.$0(OLS)http://semarc/name/571 245 10$aKatholische Krise /$cErich Przywara ; in Zusammenarbeit mit dem Verfasser herausgegeben und mit einer Nachwort versehen von Bernhard Gertz. 260 $aDüsseldorf :$bPatmos,$c1967. 300 $a275 p. ;$c24 cm. 650 4$aCattolicesimo.$0(OLS)http://semarc/subject/2438 650 4$aChiesa - Crisi - Sec. 20.$0(OLS)http://semarc/subject/10138 650 4$aChiesa cattolica - Rinnovamento.$0(OLS)http://semarc/subject/9202 650 4$aCattolicesimo - Sec. 20.$0(OLS)http://semarc/subject/10139 700 1 $aGertz, Bernhard.$0(OLS)http://semarc/name/23952 850 $aSeMil 852 $aSeMil$W1$xVenegono$y1$m2D IV 13$j14507$B14507$CSeMilBibl$Z2$F14507 $81 961 $aLascito: Madaschi don Dario 996 $6245$aKatholische Krise$9(OLS)http://semarc/title/73155 996 $6260$aDüsseldorf :$bPatmos$9(OLS)http://semarc/publisher/30034 LEADER 01065nam a2200265 i 4500 001 000000112619 003 CaOOAMICUS 005 20030225000000.0 008 030225s1979 it u000 u ita u 013 $a85303 040 $aSeMil$bita 100 1 $aMaritain, Jacques,$d<1882-1973>.$0(OLS)http://semarc/name/1393 245 10$aAzione e contemplazione /$cJacques Maritain. 260 $aRoma :$bBorla,$cstampa 1979. 300 $a126 p. ;$c19 cm. 490 0 $aNuovi sentieri di Emmaus : nella ricerca dei contemporanei 500 $aFondo Card. C.M. Martini. 650 4$aAzione e contemplazione.$0(OLS)http://semarc/subject/20284 830 0$aNuovi sentieri di Emmaus : nella ricerca dei contemporanei [Borla].$0(OLS)http://semarc/title/10445 850 $aSeMil 852 $aSeMil$W1$xVenegono$y1$m2C I 79$j68340$B68340$CSeMilBibl$Z2$F85520 $81 941 1 $a4 961 $aOmaggio: Martini Card. Carlo Maria 996 $6245$aAzione e contemplazione$9(OLS)http://semarc/title/164210 996 $6260$aRoma :$bBorla$9(OLS)http://semarc/publisher/29677